Derivatives Analytics with Python /

In this webcast you will learn how Python can be used for Derivatives Analytics and Financial Engineering. Dr. Yves J. Hilpisch will begin by covering the necessary background information, theoretical foundations and numerical tools to implement a market-based valuation of stock index options. The a...

Full description

Bibliographic Details
Main Author: Hilpisch, Yves (Author)
Corporate Author: Safari, an O'Reilly Media Company
Format: eBook
Language:English
Published: O'Reilly Media, Inc., 2015.
Edition:1st edition.
Subjects:
Online Access:Connect to this electronic resource

MARC

Tag First Indicator Second Indicator Subfields
LEADER 00000ugm a2200000 a 4500
001 in00004100252
005 20260128183457.4
006 m o d
007 cr cn
008 130715s2015 xx v eng
020 |z 9781491925393 
035 |a (CaSebORM)9781491925393 
040 |d UtOrBLW 
041 0 |a eng 
100 1 |a Hilpisch, Yves,  |e author. 
245 1 0 |a Derivatives Analytics with Python /  |c Hilpisch, Yves. 
250 |a 1st edition. 
264 1 |b O'Reilly Media, Inc.,  |c 2015. 
300 |a 1 online resource (1 video file, approximately 1 hr., 4 min.) 
336 |a two-dimensional moving image  |b tdi  |2 rdacontent 
337 |a computer  |b c  |2 rdamedia 
338 |a online resource  |b cr  |2 rdacarrier 
347 |a video file 
520 |a In this webcast you will learn how Python can be used for Derivatives Analytics and Financial Engineering. Dr. Yves J. Hilpisch will begin by covering the necessary background information, theoretical foundations and numerical tools to implement a market-based valuation of stock index options. The approach is a practical one in that all-important aspects are illustrated by a set of self-contained Python scripts.This webcast talk will cover:Financial Algorithm ImplementationMonte Carlo ValuationBinomial Option PricingPerformance LibrariesDynamic CompilingParallel Code ExecutionDX AnalyticsOverview and PhilosophyMulti-Risk Derivatives PricingGlobal ValuationWeb Technologies for Derivative Analytics 
533 |a Electronic reproduction.  |b Boston, MA :  |c Safari,  |n Available via World Wide Web. 
538 |a Mode of access: World Wide Web. 
542 |f Copyright © O'Reilly Media, Inc. 
588 |a Online resource; Title from title screen (viewed January 29, 2015) 
500 |a Videorecording. 
655 7 |a Electronic videos.  |2 local 
710 2 |a Safari, an O'Reilly Media Company. 
856 4 0 |u https://proxy.library.tamu.edu/login?url=https://go.oreilly.com/TAMU/library/view/-/9781491925393/?ar  |z Connect to this electronic resource  |t 0 
999 f f |s 211eb47a-cb2a-3f31-8753-22d9257386e3  |i a8d4a27d-bf3d-373e-ae70-2053c35c2e86  |t 0 
952 f f |a Texas A&M University  |b College Station  |c Electronic Resources  |s www_evans  |d Available Online  |t 0  |h No information provided 
998 f f |t 0  |l Available Online